Política económica de la empresa./ (Registro nro. 7863)
[ vista simple ]
| 000 -LEADER | |
|---|---|
| fixed length control field | 01123nam a2200205Ia 4500 |
| 005 - FECHA Y HORA DE LA ÚLTIMA TRANSACCIÓN | |
| control field | 20250622113200.0 |
| 008 - FIXED-LENGTH DATA ELEMENTS--GENERAL INFORMATION | |
| fixed length control field | 230418s9999 xx 000 0 und d |
| 040 ## - CATALOGING SOURCE | |
| Original cataloging agency | UPAN |
| Transcribing agency | Biblioteca San Vicente |
| Description conventions | RCAA2 |
| 041 ## - LANGUAGE CODE | |
| Language code of text/sound track or separate title | spa |
| 082 ## - DEWEY DECIMAL CLASSIFICATION NUMBER | |
| Classification number | 332.46 |
| Item number | A436p |
| año de publicación | 1991 |
| 100 ## - MAIN ENTRY--PERSONAL NAME | |
| Personal name | Alamo Pradas, Juan |
| Relator code | aut. |
| 245 #0 - TITLE STATEMENT | |
| Title | Política económica de la empresa./ |
| Statement of responsibility, etc | Juan Alamo Pradas |
| 250 ## - EDITION STATEMENT | |
| Edition statement | 1ª ed., 2ª reimp. |
| 260 ## - PUBLICATION, DISTRIBUTION, ETC. (IMPRINT) | |
| Place of publication, distribution, etc | Madrid: |
| Name of publisher, distributor, etc | UNED, |
| Date of publication, distribution, etc | 1992 |
| 300 ## - PHYSICAL DESCRIPTION | |
| Extent | 232 p.; |
| Dimensions | 24 cm. |
| 505 ## - FORMATTED CONTENTS NOTE | |
| Formatted contents note | Tema VII: La responsabilidad social de la empresa y su medición.<br/>Tema VIII: Contabilidad social: modelos y técnicas<br/>Tema IX: Los sectores éticamente mas problematizados <br/>Tema XXIII: El management "Buy-ont"<br/>Tema XXIV: Las fusiones y el papel de los grandes bancos<br/>Tema XXV: Las ofertas publicas de adquisición de acciones.<br/>Tema XXVI: Ética en las adquisiciones de empresas<br/>Tema XXVIII: Sociedades de capital de riesgo<br/>Tema XXXI: La situación económica-financiera de la empresa española <br/><br/> <br/> <br/><br/> <br/><br/><br/> |
| 650 ## - SUBJECT ADDED ENTRY--TOPICAL TERM | |
| Source of heading or term | LEMB |
| General subdivision | Política Económica |
| 700 ## - ADDED ENTRY--PERSONAL NAME | |
| Personal name | Rodríguez Carrasco, José Manuel |
| Relator code | aut. |
| 942 ## - ADDED ENTRY ELEMENTS (KOHA) | |
| Koha item type | Libros |
| Source of classification or shelving scheme | Dewey Decimal Classification |
| Withdrawn status | Lost status | Source of classification or shelving scheme | Damaged status | Not for loan | Collection code | Home library | Current library | Date acquired | Total Checkouts | Full call number | Barcode | Date last seen | Price effective from | Koha item type |
|---|---|---|---|---|---|---|---|---|---|---|---|---|---|---|
| Dewey Decimal Classification | Colección General | Biblioteca UPAN San Vicente | Biblioteca UPAN San Vicente | 18/04/2023 | 332.46 A436p | 12000428 | 18/04/2023 | 18/04/2023 | Libros |